000 01185cam a2200337 i 4500
999 _c7342
_d7342
001 8032188
003 OCoLC
005 20190328173026.0
008 811001s1982 ilu b 010 0 eng
010 _a81016888
020 _a0802492274 :
_c$12.95
040 _aDLC
_cDLC
_dOCL
050 0 0 _aBR50
_b.W33
082 0 0 _aREF 230
_219
_bC187W
090 _aBR50
_b.W33
245 0 0 _aWalvoord, a tribute /
_cedited by Donald K. Campbell.
260 _aChicago :
_bMoody Press,
_cc1982.
264 1 _aChicago :
_bMoody Press,
_c[1982]
264 4 _c©1982
300 _a353 p. ;
_c24 cm.
336 _atext
_btxt
_2rdacontent
337 _aunmediated
_bn
_2rdamedia
338 _avolume
_bnc
_2rdacarrier
504 _aIncludes bibliographical references.
600 1 0 _aWalvoord, John F.
_0http://id.loc.gov/authorities/names/n79055786
650 0 _aTheology.
_0http://id.loc.gov/authorities/subjects/sh85134665
655 7 _aFestschriften.
_2lcgft
_0http://id.loc.gov/authorities/genreForms/gf2016026082
700 1 _aWalvoord, John F.
_0http://id.loc.gov/authorities/names/n79055786
700 1 _aCampbell, Donald K.
_0http://id.loc.gov/authorities/names/n81107184
942 _2ddc
_cREF